<?xml version="1.0" encoding="UTF-8"?>
<record
    xmlns:xsi="http://www.w3.org/2001/XMLSchema-instance"
    xsi:schemaLocation="http://www.loc.gov/MARC21/slim http://www.loc.gov/standards/marcxml/schema/MARC21slim.xsd"
    xmlns="http://www.loc.gov/MARC21/slim">

  <leader>03359cam a2200469 i 4500</leader>
  <controlfield tag="001">16032490</controlfield>
  <controlfield tag="003">EG-ScBUE</controlfield>
  <controlfield tag="005">20240919103433.0</controlfield>
  <controlfield tag="008">200814s2022    ua abe f b    000 0 fre d</controlfield>
  <datafield tag="020" ind1=" " ind2=" ">
    <subfield code="a">9782724708615</subfield>
  </datafield>
  <datafield tag="020" ind1=" " ind2=" ">
    <subfield code="a">272470861X</subfield>
  </datafield>
  <datafield tag="035" ind1=" " ind2=" ">
    <subfield code="a">(OCoLC)on1183950618</subfield>
  </datafield>
  <datafield tag="035" ind1=" " ind2=" ">
    <subfield code="a">16032490</subfield>
  </datafield>
  <datafield tag="040" ind1=" " ind2=" ">
    <subfield code="a">AUXAM</subfield>
    <subfield code="b">eng</subfield>
    <subfield code="e">rda</subfield>
    <subfield code="c">AUXAM</subfield>
    <subfield code="d">CLE</subfield>
    <subfield code="d">OCLCF</subfield>
    <subfield code="d">JPG</subfield>
    <subfield code="d">OCLCO</subfield>
    <subfield code="d">OCL</subfield>
    <subfield code="d">CGU</subfield>
    <subfield code="d">PAU</subfield>
    <subfield code="d">OCLCO</subfield>
    <subfield code="d">CMA</subfield>
    <subfield code="d">OCLCQ</subfield>
    <subfield code="d">IXA</subfield>
    <subfield code="d">WAU</subfield>
    <subfield code="d">CGU</subfield>
    <subfield code="d">HUL</subfield>
    <subfield code="d">YUS</subfield>
    <subfield code="d">CtY</subfield>
    <subfield code="d">EG-ScBUE</subfield>
  </datafield>
  <datafield tag="041" ind1="0" ind2=" ">
    <subfield code="a">fre</subfield>
    <subfield code="a">ara</subfield>
  </datafield>
  <datafield tag="043" ind1=" " ind2=" ">
    <subfield code="a">f-ua---</subfield>
  </datafield>
  <datafield tag="082" ind1="0" ind2="4">
    <subfield code="2">22</subfield>
    <subfield code="a">720.96216</subfield>
    <subfield code="b">REV</subfield>
  </datafield>
  <datafield tag="100" ind1="1" ind2=" ">
    <subfield code="a">Revault, Jacques,</subfield>
    <subfield code="e">author.</subfield>
  </datafield>
  <datafield tag="245" ind1="1" ind2="0">
    <subfield code="a">Palais et maisons du Caire :</subfield>
    <subfield code="b">du XIVe au XVIIIe si&#xE8;cle.</subfield>
    <subfield code="n">3 /</subfield>
    <subfield code="c">par Jacques Revault et Bernard Maury, avec la collaboration de Mona Zakariya ; traduction en Arabe, Heba Medhat-Lecocq.</subfield>
  </datafield>
  <datafield tag="246" ind1="1" ind2="5">
    <subfield code="a">&#x642;&#x635;&#x648;&#x631; &#x648;&#x645;&#x646;&#x627;&#x632;&#x644; &#x627;&#x644;&#x642;&#x627;&#x647;&#x631;&#x629; :</subfield>
    <subfield code="b">&#x645;&#x646; &#x627;&#x644;&#x642;&#x631;&#x646; &#x627;&#x644;&#x631;&#x627;&#x628;&#x639; &#x639;&#x634;&#x631; &#x625;&#x644;&#x649; &#x627;&#x644;&#x642;&#x631;&#x646; &#x627;&#x644;&#x62B;&#x627;&#x645;&#x646; &#x639;&#x634;&#x631;</subfield>
  </datafield>
  <datafield tag="250" ind1=" " ind2=" ">
    <subfield code="a">Second edition.</subfield>
  </datafield>
  <datafield tag="264" ind1=" " ind2="1">
    <subfield code="a">Le Caire :</subfield>
    <subfield code="b">Institut fran&#xE7;ais d'arch&#xE9;ologie orientale,</subfield>
    <subfield code="c">2022.</subfield>
  </datafield>
  <datafield tag="300" ind1=" " ind2=" ">
    <subfield code="a">1 volume (various pagings) :</subfield>
    <subfield code="b">illustrations, maps, plans ;</subfield>
    <subfield code="c">33 cm.</subfield>
  </datafield>
  <datafield tag="336" ind1=" " ind2=" ">
    <subfield code="a">still image</subfield>
    <subfield code="b">sti</subfield>
    <subfield code="2">rdacontent</subfield>
  </datafield>
  <datafield tag="336" ind1=" " ind2=" ">
    <subfield code="a">text</subfield>
    <subfield code="b">txt</subfield>
    <subfield code="2">rdacontent</subfield>
  </datafield>
  <datafield tag="337" ind1=" " ind2=" ">
    <subfield code="a">unmediated</subfield>
    <subfield code="b">n</subfield>
    <subfield code="2">rdamedia</subfield>
  </datafield>
  <datafield tag="338" ind1=" " ind2=" ">
    <subfield code="a">volume</subfield>
    <subfield code="b">nc</subfield>
    <subfield code="2">rdacarrier</subfield>
  </datafield>
  <datafield tag="490" ind1="0" ind2=" ">
    <subfield code="a">MIFAO ;</subfield>
    <subfield code="v">139, 144, 148, 150</subfield>
  </datafield>
  <datafield tag="490" ind1="0" ind2=" ">
    <subfield code="a">IF ;</subfield>
    <subfield code="v">1169, 1242, 1271, 1301</subfield>
  </datafield>
  <datafield tag="504" ind1=" " ind2=" ">
    <subfield code="a">Includes bibliographical references.</subfield>
  </datafield>
  <datafield tag="520" ind1=" " ind2=" ">
    <subfield code="a">Sur les 600 palais et maisons recens&#xFFFD;es par les savanes de l'Exp&#xFFFD;edition d'Egypte en 1800, il en subsistait 29 en 1970, inscrits &#xFFFD;a l'Inventaire des monuments historiques. Si certains de ces palais ont &#xFFFD;et&#xFFFD;e remarquablement restaur&#xFFFD;es, comme celui de l'&#xFFFD;emir Taz ou la maison Haraw&#xFFFD;i, d'autres ont continu&#xFFFD;e &#xFFFD;a se d&#xFFFD;egrader et certains sont aujourd'hui disparus. Les plans et photographies qui en subsistent ont acquis de ce fait une valeur inestimable. L'Ifao a d&#xFFFD;ecid&#xFFFD;e de r&#xFFFD;e&#xFFFD;editer progressivement cet ouvrage pionnier, publi&#xFFFD;e entre 1970 et 1983. Tr&#xFFFD;es vite &#xFFFD;epuis&#xFFFD;e, Palais et Maisons du Caire, ouvre d'un sp&#xFFFD;ecialiste des m&#xFFFD;etiers et des arts du Maghreb et du Moyen-Orient et d'un architecte engag&#xFFFD;e dans la restauration de certains de ces b&#xFFFD;atiments, a constitu&#xFFFD;e un jalon dans la conscience patrimoniale qui a &#xFFFD;emerg&#xFFFD;e dans les ann&#xFFFD;ees 1990 autour du Caire islamique. Les plans, relev&#xFFFD;es architecturaux et photographies qui composent l'ouvrage permettront au lecteur de red&#xFFFD;ecouvrir les quartiers, rues, cours, pi&#xFFFD;eces, passages et toits des derniers plus beaux palais et demeures bourgeoises du Caire mamelouk et ottoman. Dans le but de toucher un plus vaste public, cette nouvelle &#xFFFD;edition est assortie d'une synth&#xFFFD;ese en arabe retenant les points essentiels de chaque &#xFFFD;etude architecturale. Ce premier volume pr&#xFFFD;esente le Qa`a Dardir, le Maq'ad Mama'i, le palais de Qayt Bay, le palais d'al-Razzaz, le palais de Radwan Bey et le Manzil al-Sinnzri.</subfield>
  </datafield>
  <datafield tag="546" ind1=" " ind2=" ">
    <subfield code="a">Texts in French and Arabic.</subfield>
  </datafield>
  <datafield tag="650" ind1=" " ind2="7">
    <subfield code="a">Palaces</subfield>
    <subfield code="z">Egypt</subfield>
    <subfield code="z">Cairo.</subfield>
    <subfield code="2">BUEsh</subfield>
  </datafield>
  <datafield tag="650" ind1=" " ind2="7">
    <subfield code="a">Dwellings</subfield>
    <subfield code="z">Egypt</subfield>
    <subfield code="z">Cairo.</subfield>
    <subfield code="2">BUEsh</subfield>
  </datafield>
  <datafield tag="650" ind1=" " ind2="7">
    <subfield code="a">Islamic architecture</subfield>
    <subfield code="z">Egypt</subfield>
    <subfield code="z">Cairo.</subfield>
    <subfield code="2">BUEsh</subfield>
  </datafield>
  <datafield tag="653" ind1=" " ind2=" ">
    <subfield code="c">September2024</subfield>
    <subfield code="b">ART</subfield>
  </datafield>
  <datafield tag="655" ind1=" " ind2=" ">
    <subfield code="v">Reading book</subfield>
  </datafield>
  <datafield tag="700" ind1="1" ind2=" ">
    <subfield code="a">Maury, Bernard,</subfield>
    <subfield code="e">author.</subfield>
  </datafield>
  <datafield tag="700" ind1="1" ind2=" ">
    <subfield code="a">Zakariya, Mona,</subfield>
    <subfield code="e">contributor.</subfield>
  </datafield>
  <datafield tag="700" ind1="1" ind2=" ">
    <subfield code="a">Medhat-Lecocq, H&#xE9;ba&#x200F;,</subfield>
    <subfield code="e">translator.</subfield>
  </datafield>
  <datafield tag="942" ind1=" " ind2=" ">
    <subfield code="2">ddc</subfield>
    <subfield code="c">BB</subfield>
  </datafield>
  <datafield tag="999" ind1=" " ind2=" ">
    <subfield code="c">30820</subfield>
    <subfield code="d">30791</subfield>
  </datafield>
  <datafield tag="952" ind1=" " ind2=" ">
    <subfield code="0">0</subfield>
    <subfield code="1">0</subfield>
    <subfield code="2">ddc</subfield>
    <subfield code="4">0</subfield>
    <subfield code="7">0</subfield>
    <subfield code="8">Baccah</subfield>
    <subfield code="a">MAIN</subfield>
    <subfield code="b">MAIN</subfield>
    <subfield code="c">2ND</subfield>
    <subfield code="d">2024-09-19</subfield>
    <subfield code="e">Purchase</subfield>
    <subfield code="g">4774.00</subfield>
    <subfield code="h">38580</subfield>
    <subfield code="l">1</subfield>
    <subfield code="o">720.96216 REV</subfield>
    <subfield code="p">000057175</subfield>
    <subfield code="r">2025-07-15 00:00:00</subfield>
    <subfield code="s">2024-10-07</subfield>
    <subfield code="v">5968.00</subfield>
    <subfield code="w">2024-09-19</subfield>
    <subfield code="y">BB</subfield>
  </datafield>
</record>
